| Record ID | marc_loc_2016/BooksAll.2016.part36.utf8:87201114:1399 |
| Source | Library of Congress |
| Download Link | /show-records/marc_loc_2016/BooksAll.2016.part36.utf8:87201114:1399?format=raw |
LEADER: 01399cam a2200373 a 4500
001 2008933621
003 DLC
005 20090311091119.0
008 080722s2008 ne a b 101 0 eng
010 $a 2008933621
015 $aGBA905194$2bnb
016 7 $a014873217$2Uk
020 $a9781586039035 (pbk.)
020 $a1586039032 (pbk.)
035 $a(OCoLC)ocn262427474
040 $aUKM$cUKM$dYDXCP$dBTCTA$dBWX$dDLC
042 $aukblsr$alccopycat
050 00 $aHV6431$b.N383427 2008
082 04 $a345.02$222
111 2 $aNATO Advanced Research Workshop on Political Violence, Organized Crimes, Terrorism and Youth$d(2007 :$cAnkara, Turkey)
245 10 $aPolitical violence, organized crimes, terrorism, and youth /$cedited by M. Demet Ulusoy.
260 $aAmsterdam ;$aWashington, DC :$bIOS Press,$cc2008.
300 $axii, 253 p. :$bill. ;$c24 cm.
490 0 $aNATO science for peace and security series. E, Human and societal dynamics ;$v46
504 $aIncludes bibliographical references and index.
650 0 $aInternational relations and terrorism$vCongresses.
650 0 $aOrganized crime$vCongresses.
650 0 $aTerrorism$xPrevention$vCongresses.
650 0 $aSecurity, International$vCongresses.
650 0 $aYouth$vCongresses.
653 1 $aPolitical violence
653 2 $aNATO
700 1 $aUlusoy, M. Demet.
710 2 $aNorth Atlantic Treaty Organization.